000 00497nam a2200181Ia 4500
005 20250326142527.0
008 250326s9999 xx 000 0 und d
037 _aTextbook
040 _aFMSL
_beng
_cFMSL
041 _aeng
_2eng
084 _aX:8K M5;6
_qFMSL
100 _aGhosh P K
245 0 _aCost analysis and cost control.
_cGhosh P K; Gupta G S
260 _aDelhi
_bDelhi, Vision Books.
_c1985
300 _a332p
942 _cTB
_hX:8K M5;6
999 _c1295448
_d1295448